Karmínový kámen /

Hlavní autor: Šochová, Anna, 1959-
Jazyk: Čeština
Vydáno: Praha : Knižní klub, 2015
Vydání: Vyd. 1.
Témata:
Fyzický popis: 325 s. ; 21 cm
Knihy
Uloženo v:
LEADER 01100nam a2200349 a 4500
001 nkc20142649210
003 CZ PrNK
005 20150511142919.0
007 ta
008 141208s2015 xr g 000 f cze
015 |a cnb002649210 
020 |a 978-80-242-4783-0  |q (váz.) 
035 |a (OCoLC)908820949 
040 |a OLA001  |b cze  |d ABA001 
072 7 |a 821.162.3-3  |x Česká próza  |2 Konspekt  |9 25 
080 |a 821.162.3-31  |2 MRF 
080 |a (0:82-311.6)  |2 MRF 
100 1 |a Šochová, Anna,  |d 1959-  |7 xx0016195  |4 aut 
245 1 0 |a Karmínový kámen /  |c Anna Šochová 
250 |a Vyd. 1. 
260 |a Praha :  |b Knižní klub,  |c 2015 
300 |a 325 s. ;  |c 21 cm 
655 7 |a české romány  |7 fd133974  |2 czenas 
655 7 |a historické romány  |7 fd132414  |2 czenas 
655 9 |a Czech fiction  |2 eczenas 
655 9 |a historical novels  |2 eczenas 
910 2 |a BOA001  |b 2-1345.866 
928 9 |a Euromedia Group - Knižní klub 
990 |a BK 
995 |a 01 
991 |b 201504  |c NOV  |e b 
996 6 |b 2610631148  |c 2-1345.866  |l MZK  |r Sklad / do 1 hodiny  |n 0  |p p.v.  |w 001502017  |u 000010  |a 1  |e BOA001  |j MZK50  |s P